{"text_format":"3","workbook":"xlsx","n_sheets":1,"sheets":["Hoja1"],"not_rendered":{"defined_names":1},"read":"whole","date_system":"1900"}

{"sheet":"Hoja1","index":0,"n_rows":163,"n_cols":18,"rows_kept":163,"merged":[[0,1,0,11],[1,1,1,11],[2,1,2,11]]}
[null,"Hospital General De Especialidades Dr. Mario Tolentino Dipp"]
[null,"INVENTARIO DE LABORATORIO"]
[null,"Al 8 DE JULIO DEL 2025"]
[null,"Fecha","Fecha","Codigo "]
[null,"de aquisicion","Registro","Institucional","Reactivos O Materiales","Presentacion","Existencia","Cja","Und","Paq","Costo","Total"]
[null,"2024-07-25","2024-07-29","HEMATOLOGIA","ACTIVATED PARTIAL THROMBOPLASTIN TIME ","UNIDADES",0,null,"UD",null,{"v":11895,"d":"11,895.00"},{"$f":"G6*K6","v":0}]
[null,"2024-12-13","2024-12-16","HEMATOLOGIA","CALCIUM CHLORIDE SOLUTION","UNIDADES",10,null,"UD",null,{"v":532,"d":"532.00"},{"v":5320,"d":"5,320.00"}]
[null,"2024-12-13","2024-12-16","HEMATOLOGIA","CLEANING SOLUTION I","UNIDADES",40,null,"UD",null,{"v":5899,"d":"5,899.00"},{"v":235960,"d":"235,960.00"}]
[null,"2024-12-20","2024-12-23","HEMATOLOGIA","COLORACION WRIGHT PASO 1","UNIDADES",5,null,"UD",null,927.48,{"v":4637.4,"d":"4,637.40"}]
[null,"2024-10-24","2024-10-28","HEMATOLOGIA","COLORACION WRIGHT PASO 2","UNIDADES",1,null,"UD",null,{"v":2572.8,"d":"2,572.80"},{"v":2572.8,"d":"2,572.80"}]
[null,"2024-10-24","2024-10-28","HEMATOLOGIA","COLORACION WRIGHT PASO 3","UNIDADES",1,null,"UD",null,{"v":3876.3,"d":"3,876.30"},{"v":3876.3,"d":"3,876.30"}]
[null,"2024-07-30","2024-08-02","HEMATOLOGIA","CONTROL DEL DIMERO","UNIDADES",0,null,"UD",null,{"v":27591,"d":"27,591.00"},0]
[null,"2024-05-21","2024-05-24","HEMATOLOGIA","CONTROLES HEMATOLOGÍA 5 PARTES","CAJA DE 6",0,"CJA",null,null,{"v":7200,"d":"7,200.00"},0]
[null,"2024-05-21","2024-05-24","HEMATOLOGIA","CONTROLES HEMATOLOGÍA 6 PARTE","CAJA DE 6",0,"CJA",null,null,{"v":62275,"d":"62,275.00"},0]
[null,"2024-07-30","2024-08-02","HEMATOLOGIA","D-DIMER  CALIBRADOR","UNIDADES",0,null,"UD",null,{"v":27591,"d":"27,591.00"},0]
[null,"2024-07-25","2024-08-02","HEMATOLOGIA","D-DIMER ASSAY KIT","UNIDADES",0,null,"UD",null,{"v":36190,"d":"36,190.00"},0]
[null,"2024-12-20","2025-12-23","HEMATOLOGIA","DS-DILUENT ","UNIDADES",6,null,"UD",null,{"v":5800,"d":"5,800.00"},{"v":34800,"d":"34,800.00"}]
[null,"2024-12-18","2024-12-23","HEMATOLOGIA","FALCEMIA","UNIDADES",16,null,"UD ",null,{"v":5140,"d":"5,140.00"},{"v":82240,"d":"82,240.00"}]
[null,"2024-12-19","2024-12-16","HEMATOLOGIA","FIBRINOGENO ASSAY KIT","UNIDADES",0,null,"UD",null,{"v":26561.8,"d":"26,561.80"},0]
[null,"2024-12-20","2025-12-23","HEMATOLOGIA","M-53 DILUENT","CAJA ",10,"CJA",null,null,{"v":8056,"d":"8,056.00"},{"v":80560,"d":"80,560.00"}]
[null,"2024-12-20","2025-12-23","HEMATOLOGIA","M-53 LEO I","UNIDADES",2,null,"UD",null,{"v":10447,"d":"10,447.00"},{"v":20894,"d":"20,894.00"}]
[null,"2024-05-21","2024-05-24","HEMATOLOGIA","M-53 LEO II LYSE","UNIDADES",34,null,"UD",null,{"v":10447,"d":"10,447.00"},{"v":355198,"d":"355,198.00"}]
[null,"2024-05-21","2024-05-24","HEMATOLOGIA","M-53 LH LYSE","UNIDADES",76,null,"UD",null,{"v":16313,"d":"16,313.00"},{"v":1239788,"d":"1,239,788.00"}]
[null,"2024-05-21","2024-05-24","HEMATOLOGIA","M-6DR","UNIDADES",32,null,"UD",null,{"v":10447,"d":"10,447.00"},{"v":334304,"d":"334,304.00"}]
[null,"2024-05-21","2024-05-24","HEMATOLOGIA","M-6LD","UNIDADES",66,null,"UD",null,{"v":43654.1,"d":"43,654.10"},{"v":2881170.6,"d":"2,881,170.60"}]
[null,"2024-05-21","2024-05-24","HEMATOLOGIA","M-6LH   ","UNIDADES",23,null,"UD",null,{"v":46220.6,"d":"46,220.60"},{"v":1063073.8,"d":"1,063,073.80"}]
[null,"2024-05-21","2024-05-24","HEMATOLOGIA","M-6LN","UNIDADES",80,null,"UD",null,{"v":42804.5,"d":"42,804.50"},{"v":3424360,"d":"3,424,360.00"}]
[null,"2025-01-16","2025-01-20","HEMATOLOGIA","M 6FD DYE","UNIDADES",40,null,"UD",null,{"v":26840,"d":"26,840.00"},{"v":1073600,"d":"1,073,600.00"}]
[null,"2025-01-16","2025-01-20","HEMATOLOGIA","M 6FN DYE","UNIDADES",40,null,"UD",null,{"v":8220,"d":"8,220.00"},{"v":328800,"d":"328,800.00"}]
[null,"2024-07-25","2024-07-29","HEMATOLOGIA","MICRO TUBOS ERITROSEDIMENTACIÓN","CAJA DE 100",1,"CJA",null,null,{"v":3202.52,"d":"3,202.52"},{"v":3202.52,"d":"3,202.52"}]
[null,"2024-07-25","2024-07-29","HEMATOLOGIA","PORTA TUBOS ERITRO CEDIMENTACION","UNIDADES",1,null,"UD",null,{"v":1602.44,"d":"1,602.44"},{"v":1602.44,"d":"1,602.44"}]
[{"$nulls":3},"HEMATOLOGIA","PROBE CLEANSE","UNIDADES",12,null,"UD",null,{"v":940,"d":"940.00"},{"v":11280,"d":"11,280.00"}]
[null,"2024-07-25","2024-07-29","HEMATOLOGIA","PROTHROMBIN TIME  REAGENT","CAJA DE 10",0,"CJA",null,null,{"v":9829.4,"d":"9,829.40"},0]
[null,"2024-09-17","2024-09-20","MICROBIOLOGÍA","AMC017 MACCONKEY AGAR","UNIDADES",2,null,"UD",null,{"v":6102,"d":"6,102.00"},{"v":12204,"d":"12,204.00"}]
[null,"2024-12-27","2024-07-29","MICROBIOLOGÍA","CINTA ADHESIVA PARA ESTERILIZACION","UNIDADES",6,null,"UD",null,{"v":240,"d":"240.00"},{"v":1440,"d":"1,440.00"}]
[{"$nulls":3},"MICROBIOLOGÍA","FRASCOS DE HEMOCULTIVO ","CAJA DE 10",16,"CJA",null,null,{"v":222,"d":"222.00"},{"v":3552,"d":"3,552.00"}]
[null,"2025-03-24","2025-03-26","MICROBIOLOGÍA","HEKTOEN ENTERIC AGAR","UNIDADES",2,null,"UD",null,{"v":9605,"d":"9,605.00"},{"v":19210,"d":"19,210.00"}]
[null,"2024-12-27","2024-12-30","MICROBIOLOGÍA","HEMOGLOBIN BOVINE FREEZE-DRIED","UNIDADES",1,null,"UD",null,{"v":7238.74,"d":"7,238.74"},{"v":7238.74,"d":"7,238.74"}]
[null,"2024-09-17","2024-09-20","MICROBIOLOGÍA","PLACA DE PETRI","CAJA DE 500  ",8,"CJA",null,null,{"v":7934.32,"d":"7,934.32"},{"v":63474.56,"d":"63,474.56"}]
[null,"2024-09-17","2024-09-20","MICROBIOLOGÍA","PLACA DE PETRI","UNIDADES",0,{"$nulls":3},{"v":15.868,"d":"15.87"},0]
[null,"2024-09-17","2024-09-20","MICROBIOLOGÍA","SABOURAD GLUCOSADO AGAR","UNIDADES",2,null,"UD",null,{"v":4068,"d":"4,068.00"},{"v":8136,"d":"8,136.00"}]
[null,"2024-09-17","2024-09-20","MICROBIOLOGÍA","SANGRE AGAR BASE CON AZIDA","UNIDADES",2,null,"UD",null,{"v":7684,"d":"7,684.00"},{"v":15368,"d":"15,368.00"}]
[null,"2024-09-17","2024-09-20","MICROBIOLOGÍA","TRANSPORT MEDIUM AMIES","CAJA DE 100",0,"CJA",null,null,{"v":2200,"d":"2,200.00"},0]
[null,"2024-09-17","2024-09-20","MICROBIOLOGÍA","UREA AGAR BASE","UNIDADES",2,null,"UD",null,{"v":6933.68,"d":"6,933.68"},{"v":13867.36,"d":"13,867.36"}]
[null,"2024-10-24","2024-10-28","SEROLOGÍA","ALBUMINA BOVINA","UNIDADES",5,null,"UD",null,{"v":707,"d":"707.00"},{"v":3535,"d":"3,535.00"}]
[null,"2024-10-24","2024-10-28","SEROLOGÍA","ANTI A","UNIDADES",5,null,"UD",null,{"v":300,"d":"300.00"},{"v":1500,"d":"1,500.00"}]
[null,"2024-12-18","2024-12-23","SEROLOGÍA","ANTI B","UNIDADES",10,null,"UD",null,{"v":300,"d":"300.00"},{"v":3000,"d":"3,000.00"}]
[null,"2024-12-18","2024-12-23","SEROLOGÍA","ANTI D","UNIDADES",3,null,"UD",null,{"v":561,"d":"561.00"},{"v":1683,"d":"1,683.00"}]
[null,"2024-03-20","2024-03-22","SEROLOGÍA","ANTIGLOBULINA HUMANA","UNIDADES",17,null,"UD",null,{"v":1017,"d":"1,017.00"},{"v":17289,"d":"17,289.00"}]
[null,"2024-12-20","2024-12-23","SEROLOGÍA","ASO ANTIESTREPTOLISINA O","UNIDADES",7,null,"UD",null,{"v":1582,"d":"1,582.00"},{"v":11074,"d":"11,074.00"}]
[null,"2024-12-20","2024-12-23","SEROLOGÍA","FACTOR REUMATOIDE","UNIDADES",8,null,"UD",null,{"v":1639,"d":"1,639.00"},{"v":13112,"d":"13,112.00"}]
[null,"2024-12-20","2024-12-23","SEROLOGÍA","HCG MEMBRANA","CAJA DE 25",41,"CJA",null,null,"DONACION"]
[null,"2024-12-20","2024-12-23","SEROLOGÍA","PROTEÍNA C REACTIVA PCR","UNIDADES",0,null,"UD",null,{"v":1582,"d":"1,582.00"},0]
[null,"2024-12-20","2024-12-23","SEROLOGÍA","RPR KIT CARBON","UNIDADES",0,null,"UD",null,{"v":1190,"d":"1,190.00"},0]
[null,"2025-04-23","2025-04-23","SEROLOGÍA","LEPTOSPIROSIS MEMBRANA ","UNIDADES",50,null,"UD",null,{"v":106,"d":"106.00"},{"v":5300,"d":"5,300.00"}]
[{"$nulls":3},"PRUEBAS ESPECIALES","CLAMIDIA IGG","UNIDADES",0,null,"UD",null,"DONACION"]
[{"$nulls":3},"PRUEBAS ESPECIALES","CLAMIDIA IGM","UNIDADES",0,null,"UD",null,"DONACION"]
[null,"2024-12-20","2024-12-23","PRUEBAS ESPECIALES","DENGUE IGG IGM MEMBRANA","CAJA DE 40",9,"CJA",null,null,{"v":160,"d":"160.00"},{"$f":"G58*K58","v":{"v":1440,"d":"1,440.00"}}]
[{"$nulls":3},"PRUEBAS ESPECIALES","FOLATO ( ACIDO FOLICO) ","UNIDADES",0,null,"UD",null,"DONACION"]
[null,"2025-01-16","2025-01-20","PRUEBAS ESPECIALES","HBSAG MEMBRANA","CAJA DE 40 ",0,"CJA",null,null,{"v":1458.4,"d":"1,458.40"},0]
[null,"2025-01-16","2025-01-20","PRUEBAS ESPECIALES","HBSAG MEMBRANA","UNIDADES",0,null,"UD",null,{"v":55,"d":"55.00"},0]
[null,"2024-12-18","2024-12-23","PRUEBAS ESPECIALES","HCV MEMBRANA","CAJA DE 40",0,"CJA",null,null,{"v":2112,"d":"2,112.00"},0]
[null,"2024-12-18","2024-12-23","PRUEBAS ESPECIALES","HCV MEMBRANA","UNIDADES",75,null,"UD",null,{"v":52.8,"d":"52.80"},{"v":3960,"d":"3,960.00"}]
[null,"2024-12-18","2024-12-23","PRUEBAS ESPECIALES","HIV MEMBRANA","CAJA DE 25",26,"CJA",null,null,{"v":750,"d":"750.00"},{"v":19500,"d":"19,500.00"},{"$nulls":4},"   "]
[null,"2024-12-27","2024-12-30","PRUEBAS ESPECIALES","INFLUENZA A +B Y COVID 19 MEMBRANA","CAJA DE 25",16,"CJA",null,null,{"v":23067,"d":"23,067.00"},{"v":369072,"d":"369,072.00"}]
[null,"2025-01-16","2025-01-20","PRUEBAS ESPECIALES","MAGLUMI ANTI HCV","CAJA DE 100",5,"CJA",null,null,{"v":23067,"d":"23,067.00"},{"v":115335,"d":"115,335.00"}]
[{"$nulls":3},"PRUEBAS ESPECIALES","MAGLUMI BHCG",null,0,null,"UD",null,"DONACION",{"$f":"G67*N67","v":0},null,{"v":8112,"d":"8,112.00"}]
[{"$nulls":3},"PRUEBAS ESPECIALES","MAGLUMI CA 125",null,0,null,"UD",null,{"v":37810,"d":"37,810.00"},{"$f":"G68*K68","v":0}]
[{"$nulls":3},"PRUEBAS ESPECIALES","MAGLUMI CA 153",null,0,null,"UD",null,{"v":37810,"d":"37,810.00"},0]
[{"$nulls":3},"PRUEBAS ESPECIALES","MAGLUMI CA 19 9",null,0,null,"UD",null,{"v":37810,"d":"37,810.00"},0]
[null,"2024-05-27","2024-07-29","PRUEBAS ESPECIALES","MAGLUMI CEA",null,0,null,"UD",null,{"v":7084,"d":"7,084.00"},0]
[null,"2024-05-27","2024-07-29","PRUEBAS ESPECIALES","MAGLUMI HBSAG","CAJA DE 100",0,"CJA",null,null,{"v":11534,"d":"11,534.00"},0]
[null,"2024-05-27","2024-07-29","PRUEBAS ESPECIALES","MAGLUMI HIV Ab/Ag","CAJA DE 100",0,"CJA",null,null,{"v":20834,"d":"20,834.00"},0]
[null,"2024-05-27","2024-07-29","PRUEBAS ESPECIALES","MAGLUMI LIGHT CHECK","CAJA DE 5",6,"CJA",null,null,{"v":5325,"d":"5,325.00"},{"v":31950,"d":"31,950.00"}]
[null,"2024-05-27","2024-07-29","PRUEBAS ESPECIALES","MAGLUMI MÓDULO REACTION","CAJAS DE 6 DE 64",7,"CJA",null,null,{"v":19880.64,"d":"19,880.64"},{"v":139164.47999999998,"d":"139,164.48"}]
[null,"2024-05-27","2024-07-29","PRUEBAS ESPECIALES","MAGLUMI PROCALCITONINA O PCT","CAJA DE 100",0,"CJA",null,null,{"v":85100,"d":"85,100.00"},0]
[null,"2024-07-25","2024-07-29","PRUEBAS ESPECIALES","MAGLUMI PSA LIBRE","CAJA DE 100",1,"CJA",null,null,{"v":29534,"d":"29,534.00"},{"v":29534,"d":"29,534.00"}]
[null,"2024-07-25","2024-07-29","PRUEBAS ESPECIALES","MAGLUMI PSA TOTAL","CAJA DE 100",0,"CJA",null,null,{"v":28534,"d":"28,534.00"},0]
[null,"2024-07-25","2024-07-29","PRUEBAS ESPECIALES","MAGLUMI STARTE I+ll","CAJA DE 10",0,"CJA",null,null,{"v":17205,"d":"17,205.00"},0]
[null,"2024-07-25","2024-07-29","PRUEBAS ESPECIALES","MAGLUMI STARTE I+ll","UNIDADES",12,null,"UD",null,{"v":1720.5,"d":"1,720.50"},{"v":20646,"d":"20,646.00"}]
[null,"2024-05-21","2024-05-24","PRUEBAS ESPECIALES","MAGLUMI T3 TOTAL","CAJA DE 100",1,"CJA",null,null,{"v":12140,"d":"12,140.00"},{"v":12140,"d":"12,140.00"}]
[null,"2024-05-21","2024-05-24","PRUEBAS ESPECIALES","MAGLUMI T4 LIBRE","CAJA DE 100",6,"CJA",null,null,{"v":13140,"d":"13,140.00"},{"v":78840,"d":"78,840.00"}]
[null,"2024-05-21","2024-05-24","PRUEBAS ESPECIALES","MAGLUMI T4 TOTAL","CAJA DE 100",3,"CJA",null,null,{"v":1214,"d":"1,214.00"},{"v":3642,"d":"3,642.00"}]
[null,"2024-05-21","2024-05-24","PRUEBAS ESPECIALES","MAGLUMI TSH","CAJA DE 100",0,"CJA",null,null,{"v":14575,"d":"14,575.00"},0]
[null,"2024-05-21","2024-05-24","PRUEBAS ESPECIALES","MAGLUMI VITAMINA B12","CAJA DE 100",0,"CJA",null,null,{"v":28062,"d":"28,062.00"},{"$f":"G85*K85","v":0}]
[null,"2024-10-30","2024-11-01","PRUEBAS ESPECIALES","TOXO IGG IGM MEMBRANA","CAJA DE 25",8,"CJA",null,null,{"v":1767.75,"d":"1,767.75"},{"v":14142,"d":"14,142.00"}]
[{"$nulls":3},"PRUEBAS ESPECIALES","TROPONINA I MAGLUMI",null,0,{"$nulls":3},{"v":30938,"d":"30,938.00"},0]
[null,"2024-10-30","2024-11-01","PRUEBAS ESPECIALES","TROPONINA MEMBRANA","UNIDADES",122,null,"UD",null,{"v":5998.6,"d":"5,998.60"},{"$f":"G88*K88","v":{"v":731829.2000000001,"d":"731,829.20"}}]
[null,"2025-01-16","2025-01-20","PRUEBAS ESPECIALES","WASH CONCENTRATE","CAJA DE 10",1,"CJA",null,null,{"v":16719,"d":"16,719.00"},{"$f":"G89*K89","v":{"v":16719,"d":"16,719.00"}}]
[null,"2024-12-12","2024-12-13","QUIMICA CLINICA","REAGENT PACK ELETROLYTE ","UNIDADES",0,null,"UD",null,{"v":24290,"d":"24,290.00"},{"$f":"G90*K90","v":0}]
[null,"2024-12-13","2024-12-16","QUIMICA CLINICA","ÁCIDO ÚRICO","UNIDADES",0,null,"UD",null,{"v":5695,"d":"5,695.00"},0]
[null,"2024-12-13","2024-12-16","QUIMICA CLINICA","ALBÚMINA","UNIDADES",0,null,"UD",null,{"v":4032,"d":"4,032.00"},0]
[null,"2024-12-13","2024-12-16","QUIMICA CLINICA","ALP-LQ FOSFATASA ALCALINA","UNIDADES",0,null,"UD",null,{"v":2526,"d":"2,526.00"},0]
[null,"2024-12-13","2024-12-16","QUIMICA CLINICA","AMYLASE-LQ","UNIDADES",208,null,"UD",null,{"v":12373,"d":"12,373.00"},{"v":2573584,"d":"2,573,584.00"}]
[null,"2024-12-13","2024-12-16","QUIMICA CLINICA","BILIRRUBINA Directa","UNIDADES",0,null,"UD",null,{"v":6794,"d":"6,794.00"},0]
[null,"2024-12-13","2024-12-16","QUIMICA CLINICA","BILIRRUBINA Total","UNIDADES",0,null,"UD",null,{"v":6794,"d":"6,794.00"},0]
[null,"2024-12-13","2024-12-16","QUIMICA CLINICA","CALCIUM-AIII","UNIDADES",45,null,"UD",null,{"v":1767,"d":"1,767.00"},{"$f":"G97*K97","v":{"v":79515,"d":"79,515.00"}}]
[{"$nulls":3},"QUIMICA CLINICA","CALIBRADOR HBGLIC","UNIDADES",0,null,"UD",null,"DONACION",null,null,{"v":15145,"d":"15,145.00"}]
[null,"2025-03-17","2025-03-19","QUIMICA CLINICA","CALIBRADOR SPIN","CAJA ",7,"CJA",null,null,{"v":6800,"d":"6,800.00"},{"v":47600,"d":"47,600.00"}]
[null,"2024-12-13","2024-12-16","QUIMICA CLINICA","CK-MB","UNIDADES",0,null,"UD",null,{"v":44282,"d":"44,282.00"},0]
[null,"2024-12-13","2024-12-16","QUIMICA CLINICA","CK-NAC","UNIDADES",0,null,"UD",null,{"v":19025,"d":"19,025.00"},0]
[null,"2024-12-13","2024-12-16","QUIMICA CLINICA","CLORO","CAJA",19,"CJA",null,null,{"v":2132,"d":"2,132.00"},{"v":40508,"d":"40,508.00"}]
[null,"2025-03-17","2025-03-19","QUIMICA CLINICA","COLESTEROL T","CAJA ",4,"CJA",null,null,{"v":9446,"d":"9,446.00"},{"v":37784,"d":"37,784.00"}]
[null,"2024-12-13","2024-12-16","QUIMICA CLINICA","CONTROL HBGLIC","UNIDADES",0,null,"UD",null,{"v":35050,"d":"35,050.00"},0]
[null,"2025-03-17","2025-03-19","QUIMICA CLINICA","CONTROL NORMAL","CAJA",3,"CJA",null,null,{"v":1514,"d":"1,514.00"},{"v":4542,"d":"4,542.00"}]
[null,"2025-03-17","2025-03-19","QUIMICA CLINICA","CONTROL PATOLÓGICO","CAJA",3,"CJA",null,null,{"v":1593,"d":"1,593.00"},{"v":4779,"d":"4,779.00"}]
[null,"2024-12-13","2024-12-16","QUIMICA CLINICA","CREATININA","CAJA",7,"CJA",null,null,{"v":4449,"d":"4,449.00"},{"v":31143,"d":"31,143.00"}]
[null,"2024-12-13","2024-12-16","QUIMICA CLINICA","CUBETAS SPIN 230","CAJA DE 120",23,"CJA",null,null,{"v":22800,"d":"22,800.00"},{"v":524400,"d":"524,400.00"}]
[null,"2024-12-13","2024-12-16","QUIMICA CLNICA ","DETERGENTE CD-90","UNIDADES",31,null,"UD "]
[null,"2024-12-17","2024-12-23","QUIMICA CLINICA","DETERGENTE CD-80","CAJA",10,"CJA",null,null,{"v":2206.6,"d":"2,206.60"},{"v":22066,"d":"22,066.00"}]
[null,"2024-12-13","2024-12-16","QUIMICA CLINICA","FÓSFORO","UNIDADES",40,null,"UD",null,{"v":1337,"d":"1,337.00"},{"v":53480,"d":"53,480.00"}]
[null,"2024-12-13","2024-12-16","QUIMICA CLINICA","GGT","UNIDADES",3,null,"UD",null,{"v":10434,"d":"10,434.00"},{"v":31302,"d":"31,302.00"}]
[null,"2025-03-17","2025-03-19","QUIMICA CLINICA","GLUCOSA","UNIDADES",9,null,"UD",null,{"v":5000,"d":"5,000.00"},{"v":45000,"d":"45,000.00"}]
[null,"2025-02-21","2025-02-25","QUIMICA CLINICA","GOT (AST) TGO","UNIDADES",4,null,"UD",null,{"v":5469,"d":"5,469.00"},{"v":21876,"d":"21,876.00"}]
[null,"2025-02-21","2025-02-25","QUIMICA CLINICA","GTP (ALT) TGP","UNIDADES",8,null,"UD",null,{"v":5469,"d":"5,469.00"},{"v":43752,"d":"43,752.00"}]
[null,"2025-03-17","2025-03-19","QUIMICA CLINICA","HDLc","UNIDADES",7,null,"UD",null,{"v":21372,"d":"21,372.00"},{"v":149604,"d":"149,604.00"}]
[null,"2025-03-17","2025-03-19","QUIMICA CLINICA","HEMOGLOBINA GLICOSILADA","UNIDADES",0,null,"UD",null,{"v":30735,"d":"30,735.00"},0]
[null,"2024-12-13","2024-12-16","QUIMICA CLINICA","LDH","UNIDADES",0,null,"UD",null,{"v":10961,"d":"10,961.00"},{"$f":"G118*K118","v":0}]
[null,"2025-03-17","2025-03-19","QUIMICA CLINICA","LIPASE -LQ","CAJA",4,"CJA",null,null,{"v":12995,"d":"12,995.00"},{"v":51980,"d":"51,980.00"}]
[null,"2024-12-13","2024-12-16","QUIMICA CLINICA","MAGNESIO","UNIDADES",0,null,"UD",null,{"v":5860,"d":"5,860.00"},0]
[null,"2024-12-13","2024-12-16","QUIMICA CLINICA","PROTEÍNAS TOTALES","UNIDADES",0,null,"UD",null,{"v":1411,"d":"1,411.00"},0]
[null,"2024-12-13","2024-12-16","QUIMICA CLINICA","SODIO","UNIDADES",0,null,"UD",null,{"v":7865,"d":"7,865.00"},0]
[null,"2024-12-13","2024-12-16","QUIMICA CLINICA","TRIGLICÉRIDO","CAJA",6,"CJA",null,null,{"v":19126,"d":"19,126.00"},{"v":114756,"d":"114,756.00"}]
[null,"2025-03-17","2025-03-19","QUIMICA CLINICA","UREA","UNIDADES",0,null,"UD",null,{"v":14175,"d":"14,175.00"},0]
[null,"2024-12-13","2024-12-16","TOMA DE MUESTRA","AGUA DESTILADA","GALONES",72,null,"UD",null,{"v":130,"d":"130.00"},{"v":9360,"d":"9,360.00"}]
[null,"2024-03-20","2024-03-22","TOMA DE MUESTRA","APLICADORES DE MADERA","CAJAS DE 1000",2,"CJA",null,null,{"v":493,"d":"493.00"},{"v":986,"d":"986.00"}]
[null,"2024-12-18","2024-12-23","TOMA DE MUESTRA","FRASCOS DE ORINA","CAJAS DE 500",25,"CJA",null,null,{"v":7500,"d":"7,500.00"},{"v":187500,"d":"187,500.00"}]
[null,"2024-12-20","2024-12-23","TOMA DE MUESTRA","TIRAS DE ORINA","CAJAS DE 100",0,"CJA",null,null,{"v":700,"d":"700.00"},0]
[null,"2024-12-20","2024-12-23","TOMA DE MUESTRA","TIPS AMARILLOS","PAQUETES DE 500",16,null,null,"PAQ",{"v":1194.16,"d":"1,194.16"},{"v":19106.56,"d":"19,106.56"}]
[null,"2024-12-20","2024-12-23","TOMA DE MUESTRA","TIPS AZULES","PAQUETES DE 500",6,null,null,"PAQ",{"v":1267.32,"d":"1,267.32"},{"v":7603.92,"d":"7,603.92"}]
[null,"2025-03-24","2025-03-26","TOMA DE MUESTRA","PIPETAS DE PASTEUR PLASTICAS","PAQUETES DE 500",6,null,null,"PAQ",410.64,{"v":2463.84,"d":"2,463.84"}]
[null,"2024-10-24","2024-10-28","TOMA DE MUESTRA","PORTAOBJETOS","CAJAS DE 72",2,"CJA",null,null,{"v":171.1,"d":"171.10"},{"v":342.2,"d":"342.20"}]
[null,"2024-10-24","2024-10-28","TOMA DE MUESTRA","SANGRE OCULTA","CAJAS DE 100",4,"CJA",null,null,{"v":5430,"d":"5,430.00"},{"v":21720,"d":"21,720.00"}]
[null,"2024-12-20","2024-12-23","TOMA DE MUESTRA","TUBOS 12X75 MM DE CRISTAL","PAQ DE 500 ",1,null,null,"PAQ",7.08,7.08]
[null,"2024-12-20","2024-12-23","TOMA DE MUESTRA","TUBOS 12X75 MM DE CRISTAL ","PAQ DE 250",0,null,null,"PAQ",{"v":5,"d":"5.00"},0,{"$nulls":5}," "]
[null,"2024-12-23","2024-12-23","TOMA DE MUESTRA","TUBOS 13X100 MM DE CRISTAL ","PAQUETE DE 500",0,null,null,"PAQ",{"v":4720,"d":"4,720.00"},0]
[null,"2024-12-20","2024-12-23","TOMA DE MUESTRA","TUBOS MORADOS","CAJAS DE 1200",2,"CJA",null,null,{"v":893,"d":"893.00"},{"$f":"G137*K137","v":{"v":1786,"d":"1,786.00"}}]
[null,"2024-03-18","2024-03-22","TOMA DE MUESTRA","TUBOS ROJOS","CAJAS DE 1000",4,"CJA",null,null,{"v":6000,"d":"6,000.00"},{"$f":"G138*K138","v":{"v":24000,"d":"24,000.00"}}]
[null,"2024-03-19","2024-03-22","TOMA DE MUESTRA","TUBOS ROJOS","CAJAS DE 1800",0,"CJA",null,null,{"v":10800,"d":"10,800.00"},{"$f":"G139*K139","v":0}]
[null,"2025-04-23","2025-04-23","TOMA DE MUESTRA","TUBOS ROJOS","CAJAS DE 1200 ",7,"CJA",null,null,5.88,{"$f":"G140*K140","v":41.16}]
[null,"2024-03-20","2024-03-22","TOMA DE MUESTRA","TUBOS ROJOS","UNIDADES",0,null,"UD",null,{"v":6,"d":"6.00"},{"$f":"K141*G141","v":0}]
[null,"2024-12-13","2024-12-16","TOMA DE MUESTRA","TUBOS TAPA AMARILLA 13X75mm","CAJA DE 1200",1,null,"CJA",null,{"v":6000,"d":"6,000.00"},{"$f":"K142*G142","v":{"v":6000,"d":"6,000.00"}}]
[null,"2024-12-13","2024-12-16","TOMA DE MUESTRA","TUBOS TAPA AMARILLA 13X75mm","UNIDADES",400,null,"UD",null,{"v":5,"d":"5.00"},{"$f":"K143*G143","v":{"v":2000,"d":"2,000.00"}}]
[null,"2024-12-18","2024-12-23","TOMA DE MUESTRA","TUBOS TAPA AMARILLA 13X100 mm"," CAJA DE 1200 ",11,"CJA",null,null,{"v":625,"d":"625.00"},{"$f":"K144*G144","v":{"v":6875,"d":"6,875.00"}}]
[null,"2024-12-18","2024-12-23","TOMA DE MUESTRA","TUBOS TAPA AMARILLA 13X100 mm","UNIDADES",0,null,"UD",null,6.25,{"$f":"K145*G145","v":0}]
[null,"2024-03-13","2024-12-16","TOMA DE MUESTRA","TUBOS TAPA AZUL","CAJA DE 1200",12,"CJA",null,null,{"v":10200,"d":"10,200.00"},{"$f":"K146*G146","v":{"v":122400,"d":"122,400.00"}}]
[null,"2024-03-13","2024-12-16","TOMA DE MUESTRA","TUBOS TAPA AZUL","PAQUETE DE 100",0,null,null,"PAQ",{"v":850,"d":"850.00"},{"$f":"K147*G147","v":0}]
[null,"2024-12-13","2024-12-16","TOMA DE MUESTRA","TRANSCUL ","CAJA DE 100 ",8,"CJA"]
[null,"2025-05-12","2025-05-13","TOMA DE MUESTRA","PAPEL DE ETIQUETA ","UNIDADES",8,null,"UD",null,{"v":124.8,"d":"124.80"},{"$f":"K149*G149","v":{"v":998.4,"d":"998.40"}}]
[null,"2024-12-12","2024-12-13","MICROBIOLOGÍA","CUBETAS DE RAYTO ","PAQUETE ",1,null,null,"PAQ",{"v":2589,"d":"2,589.00"},{"v":2589,"d":"2,589.00"}]
[null,"2024-12-12","2024-12-13","MICROBIOLOGÍA","MUELLER HINTON AGAR ","UNIDADES",4,null,"UD",null,{"v":7854,"d":"7,854.00"},{"v":31416,"d":"31,416.00"}]
[null,"2024-12-12","2024-12-13","QUIMICA CLINICA","COPAS AUTOQUANT ","UNIDADES",1,null,null,"PAQ",{"v":8305,"d":"8,305.00"},{"v":8305,"d":"8,305.00"}]
[null,"2024-12-12","2024-12-13","QUIMICA CLINICA","AMYLASE AUTOQUANT ","UNIDADES",1,null,"UD",null,{"v":12373,"d":"12,373.00"},{"v":12373,"d":"12,373.00"}]
[null,"2024-12-12","2024-12-13","QUIMICA CLINICA","FOSFORO AUTOQUANT ","UNIDADES",1,null,"UD",null,{"v":1336,"d":"1,336.00"},{"v":1336,"d":"1,336.00"}]
[null,"2024-12-12","2024-12-13","QUIMICA CLINICA","ACIDO URICO AUTOQUANT","UNIDADES",1,null,"UD",null,{"v":5695,"d":"5,695.00"},{"v":5695,"d":"5,695.00"}]
[null,"2024-12-12","2024-12-13","QUIMICA CLINICA","LYPASE AUTOQUANT ","UNIDADES",4,null,"UD",null,{"v":12995,"d":"12,995.00"},{"v":51980,"d":"51,980.00"}]
[null,"2024-12-12","2024-12-13","QUIMICA CLINICA","HDL COLESTEROL AUTOQUANT","UNIDADES",5,null,"UD",null,{"v":21371,"d":"21,371.00"},{"v":106855,"d":"106,855.00"}]
[null,"2024-12-12","2024-12-13","QUIMICA CLINICA","TRIGLICERIDO AUTOQUANT ","UNIDADES",3,null,"UD",null,{"v":19126,"d":"19,126.00"},{"v":57378,"d":"57,378.00"}]
[null,"2024-12-12","2024-12-13","QUIMICA CLINICA","UREA AUTOQUANT ","UNIDADES",1,null,"UD",null,{"v":14174,"d":"14,174.00"},{"v":14174,"d":"14,174.00"}]
[null,"2024-12-12","2024-12-13","QUIMICA CLINICA","SGPT (TGP) AUTOQUANT ","UNIDADES",1,null,"UD",null,{"v":5469,"d":"5,469.00"},{"v":5469,"d":"5,469.00"}]
[null,"2024-12-12","2024-12-13","QUIMICA CLINICA","SGOT (TGO) AUTOQUANT ","UNIDADES",1,null,"UD",null,{"v":5469,"d":"5,469.00"},{"v":5469,"d":"5,469.00"}]
[null,"2024-12-12","2024-12-13","QUIMICA CLINICA","CREATININA AUTOQUANT ","UNIDADES",2,null,"UD",null,{"v":4448,"d":"4,448.00"},{"v":8896,"d":"8,896.00"}]
[null,"Total",{"$nulls":4},{"$f":"SUM(G6:G162)","v":2035},{"$nulls":4},{"$f":"SUM(L6:L162)","v":{"v":17578933.359999992,"d":"17,578,933.36"}}]